| 000 | 00725cam a2200217 4500 | ||
|---|---|---|---|
| 001 | WB3714-10 | ||
| 008 | 000000n2001 000 0 eng u | ||
| 035 | _a(Sirsi) u111793 | ||
| 245 | _aUK property to ride out storm | ||
| 260 | _c2001 | ||
| 490 |
_aInvestors Chronicle _v135(1725) 30 March 2001, 10(1) |
||
| 520 | _aThe UK property market may be affected by the slowdown in the US economy but probably not too much. | ||
| 590 | _aWB | ||
| 650 | _aPROPERTY-COMMERCIAL PROPERTY-OFFICE PROPERTY-OFFICE PROPERTY MARKET | ||
| 650 | _aHOUSING MARKET | ||
| 650 | _aUNITED STATES | ||
| 650 | _aUNITED KINGDOM | ||
| 650 | _aUS ECONOMY | ||
| 690 | _aPROPERTY-COMMERCIAL PROPERTY-COMMERCIAL PROPERTY MARKET | ||
| 942 | _n0 | ||
| 999 |
_c66612 _d66612 |
||